[Event "Quenza op 14th"]
[Site "Quenza"]
[Date "2025.07.06"]
[Round "3"]
[White "Hou, Yifan"]
[Black "De Seroux, Camille"]
[Result "1-0"]
[WhiteElo "2633"]
[BlackElo "2039"]
[PlyCount "50"]
[EventDate "2025.07.06"]
[EventType "swiss (blitz)"]
[EventRounds "9"]
[EventCountry "FRA"]
[SourceTitle "CB29_2025"]
[SourceDate "2025.07.16"]
[SourceVersion "1"]
[SourceVersionDate "2025.07.16"]
[SourceQuality "1"]

1. c4 Nc6 2. Nc3 Nf6 3. d4 e5 4. d5 Ne7 5. e4 Ng6 6. a3 a5 7. Be3 Be7 8. Bd3 d6 9. Nge2 0-0 10. h3 Ne8 11. Qd2 Nh4 12. Kf1 f5 13. g3 Nf3 14. Qc2 Bg5 15. exf5 Bxe3 16. fxe3 Qg5 17. e4 Qe3 18. Kg2 Nf6 19. Rhf1 Nd2 20. Rf2 Nh5 21. Rd1 Bxf5 22. exf5 e4 23. Qxd2 Qxd2 24. Rxd2 exd3 25. Rxd3 Rae8 1-0

[Event "Quenza op 14th"]
[Site "Quenza"]
[Date "2025.07.06"]
[Round "1"]
[White "Hou, Yifan"]
[Black "Geronimi, Didier"]
[Result "1-0"]
[WhiteElo "2633"]
[BlackElo "1677"]
[PlyCount "39"]
[EventDate "2025.07.06"]
[EventType "swiss (blitz)"]
[EventRounds "9"]
[EventCountry "FRA"]
[SourceTitle "CB29_2025"]
[SourceDate "2025.07.16"]
[SourceVersion "1"]
[SourceVersionDate "2025.07.16"]
[SourceQuality "1"]

1. Nf3 d6 2. d4 Nf6 3. c4 g6 4. Nc3 Bg7 5. e4 0-0 6. h3 c6 7. Be3 Nbd7 8. Qc2 Re8 9. Be2 e5 10. d5 cxd5 11. cxd5 a6 12. a4 Nh5 13. g3 Nf8 14. Nd2 Nf6 15. Nc4 N8d7 16. Nxd6 Re7 17. 0-0 Nb6 18. Nxc8 Rxc8 19. Qb3 Re8 20. Bxb6 1-0

[Event "WchT Blitz Pool A"]
[Site "London"]
[Date "2025.06.14"]
[Round "6.5"]
[White "Hou, Yifan"]
[Black "Ulziikhishig, Khishigbat"]
[Result "0-1"]
[WhiteElo "2633"]
[BlackElo "2266"]
[PlyCount "62"]
[EventDate "2025.06.14"]
[EventType "team-tourn"]
[EventRounds "13"]
[EventCountry "ENG"]
[SourceTitle "CB25_2025"]
[SourceDate "2025.06.18"]
[SourceVersion "1"]
[SourceVersionDate "2025.06.18"]
[SourceQuality "1"]
[WhiteTeam "WR Chess"]
[BlackTeam "The MongolZ"]
[WhiteTeamCountry "GER"]
[BlackTeamCountry "MGL"]

1. d4 Nf6 2. Nc3 e6 3. Bf4 d5 4. e3 Bd6 5. Qf3 c6 6. g4 h6 7. h4 Bb4 8. Bd3 Qa5 9. Nge2 c5 10. g5 Ng8 11. Be5 c4 12. Bxg7 cxd3 13. Bxh8 dxe2 14. Kxe2 Bxc3 15. bxc3 Qxc3 16. Rac1 Qc4+ 17. Kd2 Bd7 18. Bg7 hxg5 19. hxg5 Nc6 20. Rh8 0-0-0 21. Qxf7 Nge7 22. Rxd8+ Kxd8 23. Bf6 Qb4+ 24. c3 Qb2+ 25. Rc2 Qb1 26. g6 Be8 27. Qf8 Kd7 28. g7 Bg6 29. Rc1 Qb2+ 30. Kd1 Bh5+ 31. f3 Bxf3+ 0-1

[Event "WchT Blitz Pool A"]
[Site "London"]
[Date "2025.06.14"]
[Round "1.5"]
[White "Jalving, August"]
[Black "Hou, Yifan"]
[Result "0-1"]
[WhiteElo "2306"]
[BlackElo "2633"]
[PlyCount "48"]
[EventDate "2025.06.14"]
[EventType "team-tourn"]
[EventRounds "13"]
[EventCountry "ENG"]
[SourceTitle "CB25_2025"]
[SourceDate "2025.06.18"]
[SourceVersion "1"]
[SourceVersionDate "2025.06.18"]
[SourceQuality "1"]
[WhiteTeam "Allez-Y Initiative!"]
[BlackTeam "WR Chess"]
[WhiteTeamCountry "DEN"]
[BlackTeamCountry "GER"]

1. e4 c5 2. Nf3 d6 3. d4 cxd4 4. Nxd4 Nf6 5. Nc3 Nc6 6. Bg5 e6 7. Qd2 a6 8. Nxc6 bxc6 9. Bc4 h6 10. Bxf6 Qxf6 11. 0-0-0 Be7 12. f4 Rb8 13. Bb3 d5 14. Rhe1 0-0 15. a3 Bd8 16. f5 Ba5 17. fxe6 Bxe6 18. exd5 Bxd5 19. Bxd5 cxd5 20. Qd4 Qg5+ 21. Kb1 Rfc8 22. Re5 Bxc3 23. Qxc3 Rxc3 24. Rxg5 hxg5 0-1

[Event "London TechM GCL"]
[Site "London"]
[Date "2024.10.10"]
[Round "9.4"]
[White "Hou, Yifan"]
[Black "Vaishali, Ramesh Babu"]
[Result "1-0"]
[WhiteElo "2633"]
[BlackElo "2487"]
[PlyCount "131"]
[EventDate "2024.10.03"]
[EventType "team-tourn (rapid)"]
[EventRounds "10"]
[EventCountry "ENG"]
[SourceTitle "CB42_2024"]
[Source "ChessBase"]
[SourceDate "2024.10.16"]
[SourceVersion "1"]
[SourceVersionDate "2024.10.16"]
[SourceQuality "1"]
[WhiteTeam "Alpine Sg Pipers"]
[BlackTeam "Ganges Grandmasters"]
[WhiteTeamCountry "SIN"]
[BlackTeamCountry "IND"]

1. e4 e6 2. d4 d5 3. Nc3 Nf6 4. e5 Nfd7 5. f4 c5 6. Nf3 Nc6 7. Be3 a6 8. a3 cxd4 9. Nxd4 Bc5 10. Qd2 g5 11. f5 Nxd4 12. Bxd4 Bxd4 13. Qxd4 Qb6 14. Qxb6 Nxb6 15. fxe6 Bxe6 16. 0-0-0 Rc8 17. Be2 Ke7 18. Rd4 Rc5 19. Rhd1 Rhc8 20. Bd3 h6 21. Rb4 R8c6 22. Re1 a5 23. Rb5 d4 24. Ne2 Bc4 25. Bxc4 Rxc4 26. Kb1 a4 27. Rd1 R4c5 28. Rb4 Rxe5 29. Nxd4 Rd6 30. g4 Kf8 31. Rd3 Kg8 32. Ka2 Kh7 33. Rf3 Kg6 34. Nf5 Rde6 35. Nd4 Rd6 36. Nf5 Rde6 37. Rh3 Kh7 38. Nxh6 Rxh6 39. Rxh6+ Kxh6 40. Rxb6+ Kg7 41. Rxb7 Re2 42. Rb4 Rxc2 43. Rxa4 Rxh2 44. Rb4 Rf2 45. a4 Rf4 46. Ka3 f5 47. Rb7+ Kf6 48. Rb6+ Kg7 49. gxf5 Rxf5 50. Rb4 Kg6 51. Rb8 g4 52. Rg8+ Kh5 53. Kb4 Kh4 54. a5 g3 55. a6 Rf7 56. Ka5 Rf5+ 57. Kb6 Rg5 58. Rh8+ Kg4 59. Rh1 g2 60. Rg1 Rg6+ 61. Ka5 Rg5+ 62. Ka4 Kf3 63. b4 Rg7 64. b5 Rg8 65. Rxg2 Kxg2 66. Ka5 1-0

[Event "London TechM GCL"]
[Site "London"]
[Date "2024.10.08"]
[Round "7.1"]
[White "Hou, Yifan"]
[Black "Koneru, Humpy"]
[Result "1/2-1/2"]
[WhiteElo "2633"]
[BlackElo "2530"]
[PlyCount "78"]
[EventDate "2024.10.03"]
[EventType "team-tourn (rapid)"]
[EventRounds "10"]
[EventCountry "ENG"]
[SourceTitle "CB42_2024"]
[Source "ChessBase"]
[SourceDate "2024.10.16"]
[SourceVersion "1"]
[SourceVersionDate "2024.10.16"]
[SourceQuality "1"]
[WhiteTeam "Alpine Sg Pipers"]
[BlackTeam "Mumba Masters"]
[WhiteTeamCountry "SIN"]
[BlackTeamCountry "IND"]

1. e4 e5 2. Nf3 Nc6 3. Bb5 a6 4. Ba4 Bc5 5. c3 Nge7 6. 0-0 Ba7 7. d4 Ng6 8. Bg5 f6 9. Be3 0-0 10. Re1 Kh8 11. Nbd2 d6 12. h3 Bd7 13. Rc1 Nce7 14. Bxd7 Qxd7 15. c4 exd4 16. Nxd4 f5 17. exf5 Nxf5 18. Nxf5 Qxf5 19. Bxa7 Rxa7 20. Qf3 Raa8 21. Qxf5 Rxf5 22. Rc3 Raf8 23. f3 Re5 24. Rxe5 Nxe5 25. Kf2 Kg8 26. Nf1 Kf7 27. Ne3 Ke6 28. h4 h5 29. Kg3 c6 30. f4 Nd7 31. Kf3 Nf6 32. Rc2 g6 33. a4 a5 34. Re2 Kd7 35. Nc2 Ng4 36. b3 Ne5+ 37. Ke4 Ng4 38. Kf3 Ne5+ 39. Ke4 Ng4 1/2-1/2

[Event "London TechM GCL"]
[Site "London"]
[Date "2024.10.05"]
[Round "4.1"]
[White "Koneru, Humpy"]
[Black "Hou, Yifan"]
[Result "1/2-1/2"]
[WhiteElo "2530"]
[BlackElo "2633"]
[PlyCount "112"]
[EventDate "2024.10.03"]
[EventType "team-tourn (rapid)"]
[EventRounds "10"]
[EventCountry "ENG"]
[SourceTitle "CB42_2024"]
[Source "ChessBase"]
[SourceDate "2024.10.16"]
[SourceVersion "1"]
[SourceVersionDate "2024.10.16"]
[SourceQuality "1"]
[WhiteTeam "Mumba Masters"]
[BlackTeam "Alpine Sg Pipers"]
[WhiteTeamCountry "IND"]
[BlackTeamCountry "SIN"]

1. Nf3 Nf6 2. c4 e6 3. Nc3 d5 4. e3 a6 5. b3 b6 6. cxd5 exd5 7. g3 Bb7 8. Bg2 Bd6 9. Bb2 0-0 10. 0-0 Nbd7 11. Rc1 Re8 12. d3 c5 13. d4 c4 14. a4 Rc8 15. Nd2 cxb3 16. Qxb3 Ne4 17. Ncxe4 dxe4 18. Rxc8 Qxc8 19. Rc1 Qd8 20. Ba3 Bxa3 21. Qxa3 Nf6 22. Nc4 Bd5 23. Ne5 h5 24. h4 Ng4 25. Bh3 Nxe5 26. dxe5 Be6 27. Bg2 Qd5 28. Qd6 b5 29. Qxa6 b4 30. Qb5 Qxb5 31. axb5 Bd5 32. Rd1 Rxe5 33. Rd4 b3 34. Rb4 Re8 35. b6 Rc8 36. Bf1 Kf8 37. Bb5 Ke7 38. Ba4 Kd6 39. b7 Rb8 40. Bxb3 Kc5 41. Bxd5 Kxb4 42. Bxe4 Kc5 43. Kg2 Kd6 44. Kf3 Re8 45. Kf4 Kc7 46. f3 Rd8 47. g4 hxg4 48. fxg4 Rd2 49. h5 Rf2+ 50. Kg3 Re2 51. Kf4 Rf2+ 52. Kg3 Re2 53. Kf4 Rb2 54. g5 Rh2 55. Kg4 Re2 56. Kf4 Rh2 1/2-1/2

[Event "London TechM GCL"]
[Site "London"]
[Date "2024.10.04"]
[Round "2.3"]
[White "Hou, Yifan"]
[Black "Kosteniuk, Alexandra"]
[Result "1/2-1/2"]
[WhiteElo "2633"]
[BlackElo "2480"]
[PlyCount "73"]
[EventDate "2024.10.03"]
[EventType "team-tourn (rapid)"]
[EventRounds "10"]
[EventCountry "ENG"]
[SourceTitle "CB42_2024"]
[Source "ChessBase"]
[SourceDate "2024.10.16"]
[SourceVersion "1"]
[SourceVersionDate "2024.10.16"]
[SourceQuality "1"]
[WhiteTeam "Alpine Sg Pipers"]
[BlackTeam "Triveni Continental Kings"]
[WhiteTeamCountry "SIN"]
[BlackTeamCountry "ENG"]

1. e4 c6 2. d4 d5 3. e5 c5 4. Nf3 cxd4 5. Nxd4 Nc6 6. Nxc6 bxc6 7. Bd3 e6 8. 0-0 a5 9. Nd2 Ne7 10. Nf3 Ba6 11. Bxa6 Rxa6 12. c4 Nf5 13. Qa4 Qd7 14. Bd2 Be7 15. Rac1 d4 16. Rfe1 c5 17. Qb5 Ra7 18. Qb3 Rb7 19. Qa3 a4 20. Rc2 0-0 21. Qd3 Nh4 22. Ng5 Bxg5 23. Bxg5 Ng6 24. h4 h6 25. h5 hxg5 26. hxg6 fxg6 27. Qxg6 Rf5 28. g4 Rf3 29. Qxg5 Qe7 30. Qxe7 Rxe7 31. Re4 g5 32. Kg2 Ref7 33. Rd2 Kg7 34. Re1 R3f4 35. Kg3 Rf3+ 36. Kg2 R3f4 37. Kg3 1/2-1/2

[Event "Julius Baer WSCC Blitz"]
[Site "Chess.com INT"]
[Date "2024.09.02"]
[Round "2.1"]
[White "Hou, Yifan"]
[Black "Shuvalova, Polina"]
[Result "0-1"]
[WhiteElo "2633"]
[BlackElo "2487"]
[PlyCount "200"]
[EventDate "2024.08.22"]
[EventType "k.o. (blitz)"]
[EventRounds "16"]
[EventCountry "GER"]
[SourceTitle "CBM 221 Extra"]
[Source "ChessBase"]
[SourceDate "2024.09.30"]
[SourceVersion "1"]
[SourceVersionDate "2024.09.30"]
[SourceQuality "1"]

1. e4 c5 2. d4 cxd4 3. Qxd4 Nc6 4. Qd3 d6 5. Nc3 g6 6. Nf3 Bg7 7. Be2 Nf6 8. 0-0 0-0 9. Nd5 Nxd5 10. exd5 Bf5 11. Qd1 Nb4 12. c3 Na6 13. Nd4 Bd7 14. Bxa6 bxa6 15. Re1 Re8 16. Bg5 h6 17. Be3 Rc8 18. Qd2 Kh7 19. Nb3 a5 20. Bd4 a4 21. Bxg7 Kxg7 22. Nd4 Qb6 23. Re3 Rb8 24. b3 Qc5 25. c4 e5 26. dxe6 Bxe6 27. Rae1 Bd7 28. Qc3 Kg8 29. Re7 axb3 30. axb3 d5 31. R7e5 Bc6 32. Nxc6 Qxc6 33. Rxe8+ Rxe8 34. Rxe8+ Qxe8 35. cxd5 Qe2 36. g3 Qd1+ 37. Kg2 Qxd5+ 38. Qf3 Qd7 39. h4 h5 40. Qe3 a5 41. Qc3 Qd5+ 42. Qf3 Qb5 43. Qc3 Kf8 44. Qc8+ Ke7 45. Qc7+ Ke6 46. Qc8+ Ke5 47. Qc3+ Kd6 48. Qf6+ Kc5 49. Qxf7 Kb4 50. Qxg6 Kxb3 51. Qg5 Qb7+ 52. Kh2 a4 53. Qxh5 a3 54. Qd1+ Kb2 55. Qd2+ Kb1 56. Qd1+ Ka2 57. Qd2+ Qb2 58. Qd5+ Ka1 59. Qd1+ Qb1 60. Qd4+ Qb2 61. Qd1+ Ka2 62. Qd5+ Qb3 63. Qd2+ Kb1 64. Qe1+ Kb2 65. Qd2+ Qc2 66. Qd4+ Kb1 67. Qb4+ Qb2 68. Qe4+ Kc1 69. Qe1+ Kc2 70. Qe4+ Kc3 71. Qe5+ Kc4 72. Qe6+ Kb4 73. Qe7+ Kb3 74. Qe6+ Kc2 75. Qe2+ Kb1 76. Qe1+ Ka2 77. Qe6+ Ka1 78. Qe1+ Qb1 79. Qe5+ Ka2 80. Qe2+ Qb2 81. Qe6+ Kb1 82. Qe1+ Qc1 83. Qe4+ Qc2 84. Qe1+ Kb2 85. Qe5+ Qc3 86. Qe2+ Kc1 87. Qf1+ Kd2 88. h5 a2 89. h6 a1Q 90. Qg2 Qf6 91. f4+ Kd3 92. Qf3+ Kc4 93. Qe4+ Qad4 94. Qc2+ Qc3 95. Qe4+ Kb3 96. h7 Qb2+ 97. Kh3 Qh6+ 98. Kg4 Qbg7+ 99. Kf3 Qh5+ 100. Kf2 Qh2+ 0-1

[Event "Julius Baer WSCC Blitz"]
[Site "Chess.com INT"]
[Date "2024.09.02"]
[Round "2.5"]
[White "Hou, Yifan"]
[Black "Shuvalova, Polina"]
[Result "1-0"]
[WhiteElo "2633"]
[BlackElo "2487"]
[PlyCount "71"]
[EventDate "2024.08.22"]
[EventType "k.o. (blitz)"]
[EventRounds "16"]
[EventCountry "GER"]
[SourceTitle "CBM 221 Extra"]
[Source "ChessBase"]
[SourceDate "2024.09.30"]
[SourceVersion "1"]
[SourceVersionDate "2024.09.30"]
[SourceQuality "1"]

1. e4 e5 2. Bc4 Nf6 3. d3 Nc6 4. Nf3 Bc5 5. 0-0 d6 6. c3 Bb6 7. Bb3 h6 8. Nbd2 0-0 9. Nc4 Be6 10. h3 Re8 11. Re1 Na5 12. Ba4 Nc6 13. Nxb6 axb6 14. d4 Bd7 15. Bc2 b5 16. a3 Na5 17. b3 Nc6 18. Bb2 b6 19. Qd2 Qe7 20. Rad1 Na5 21. Qe2 Rad8 22. c4 bxc4 23. b4 exd4 24. Nxd4 Nc6 25. Qxc4 Nxd4 26. Bxd4 Be6 27. Qc3 c5 28. Be3 Rc8 29. bxc5 dxc5 30. e5 Nd7 31. f4 Nf8 32. f5 Bd7 33. f6 Qe6 34. Bxh6 Ng6 35. Bxg7 Nxe5 36. Qg3 1-0

[Event "Julius Baer WSCC Blitz"]
[Site "Chess.com INT"]
[Date "2024.09.02"]
[Round "2.17"]
[White "Hou, Yifan"]
[Black "Shuvalova, Polina"]
[Result "0-1"]
[WhiteElo "2633"]
[BlackElo "2487"]
[PlyCount "116"]
[EventDate "2024.08.22"]
[EventType "k.o. (blitz)"]
[EventRounds "16"]
[EventCountry "GER"]
[SourceTitle "CBM 221 Extra"]
[Source "ChessBase"]
[SourceDate "2024.09.30"]
[SourceVersion "1"]
[SourceVersionDate "2024.09.30"]
[SourceQuality "1"]

1. e4 e5 2. Nf3 Nf6 3. Nxe5 d6 4. Nf3 Nxe4 5. d3 Nf6 6. d4 d5 7. Bd3 Bd6 8. 0-0 0-0 9. Bg5 Bg4 10. Nbd2 Nbd7 11. c3 Bh5 12. Bh4 Bg6 13. Qc2 c6 14. Bg3 Bxg3 15. hxg3 Qc7 16. Rfe1 Rfe8 17. Bxg6 hxg6 18. Ng5 a5 19. Ndf3 Qd6 20. a4 Ng4 21. Qd2 Ndf6 22. Qd3 Rab8 23. Rad1 Rbd8 24. Rd2 Rxe1+ 25. Nxe1 Re8 26. Re2 Qd7 27. f3 Nh6 28. g4 Rxe2 29. Qxe2 Ne8 30. Nd3 b6 31. Kf1 f6 32. Ne6 Nf7 33. Nef4 g5 34. Qe6 Qxe6 35. Nxe6 Ned6 36. Nc7 Nd8 37. Na8 b5 38. axb5 cxb5 39. Nb6 Nc4 40. Nxd5 Nc6 41. Ke2 a4 42. Ne3 Nd6 43. Kd2 Na5 44. Kc2 Kf7 45. Nc5 Nc6 46. b3 axb3+ 47. Kxb3 Na5+ 48. Kb4 Nc6+ 49. Kb3 Na5+ 50. Kc2 g6 51. Kd3 Ke7 52. Ne4 Nxe4 53. fxe4 Kd6 54. Nd5 f5 55. gxf5 gxf5 56. Nf6 Ke6 57. Nh7 fxe4+ 58. Kxe4 g4 0-1

[Event "Julius Baer WSCC Blitz"]
[Site "Chess.com INT"]
[Date "2024.09.02"]
[Round "2.4"]
[White "Shuvalova, Polina"]
[Black "Hou, Yifan"]
[Result "1/2-1/2"]
[WhiteElo "2487"]
[BlackElo "2633"]
[PlyCount "78"]
[EventDate "2024.08.22"]
[EventType "k.o. (blitz)"]
[EventRounds "16"]
[EventCountry "GER"]
[SourceTitle "CBM 221 Extra"]
[Source "ChessBase"]
[SourceDate "2024.09.30"]
[SourceVersion "1"]
[SourceVersionDate "2024.09.30"]
[SourceQuality "1"]

1. d4 Nf6 2. Nf3 e6 3. g3 b5 4. Bg2 Bb7 5. 0-0 Be7 6. Bg5 h6 7. Bxf6 Bxf6 8. c3 d6 9. Nbd2 0-0 10. a4 a6 11. e4 Nd7 12. Qe2 Bc6 13. axb5 axb5 14. h4 Nb6 15. Rfc1 Qd7 16. Ne1 b4 17. Nd3 Rxa1 18. Rxa1 Bb5 19. Qe3 bxc3 20. bxc3 Nc4 21. Nxc4 Bxc4 22. Ra7 Rb8 23. Nb4 Be7 24. Kh2 d5 25. exd5 exd5 26. Nc6 Re8 27. Nxe7+ Rxe7 28. Qf4 Qc6 29. Qf5 g6 30. Qc8+ Re8 31. Qxc7 Qxc7 32. Rxc7 Re2 33. Kg1 Re1+ 34. Kh2 Re2 35. f4 Rc2 36. Kg1 Rc1+ 37. Kh2 Rc2 38. Kg1 Rc1+ 39. Kh2 Rc2 1/2-1/2

[Event "Julius Baer WSCC Blitz"]
[Site "Chess.com INT"]
[Date "2024.09.02"]
[Round "2.8"]
[White "Shuvalova, Polina"]
[Black "Hou, Yifan"]
[Result "0-1"]
[WhiteElo "2487"]
[BlackElo "2633"]
[PlyCount "50"]
[EventDate "2024.08.22"]
[EventType "k.o. (blitz)"]
[EventRounds "16"]
[EventCountry "GER"]
[SourceTitle "CBM 221 Extra"]
[Source "ChessBase"]
[SourceDate "2024.09.30"]
[SourceVersion "1"]
[SourceVersionDate "2024.09.30"]
[SourceQuality "1"]

1. d4 Nf6 2. c4 e6 3. Nc3 Bb4 4. f3 c5 5. d5 0-0 6. e4 Bxc3+ 7. bxc3 d6 8. g4 exd5 9. cxd5 Bxg4 10. fxg4 Nxe4 11. Nf3 Re8 12. Be3 Qf6 13. Bg2 Qxc3+ 14. Ke2 Qb2+ 15. Kf1 Nc3 16. Qe1 Rxe3 17. Qxe3 Qxa1+ 18. Kf2 Qb2+ 19. Kg3 Nd7 20. Qe7 Ne2+ 21. Kh4 Nf4 22. Qxd7 Qxg2 23. Ng5 Ng6+ 24. Kh5 Ne5 25. Qxd6 Qxg4# 0-1

[Event "Julius Baer WSCC Blitz"]
[Site "Chess.com INT"]
[Date "2024.09.02"]
[Round "2.14"]
[White "Shuvalova, Polina"]
[Black "Hou, Yifan"]
[Result "1-0"]
[WhiteElo "2487"]
[BlackElo "2633"]
[PlyCount "103"]
[EventDate "2024.08.22"]
[EventType "k.o. (blitz)"]
[EventRounds "16"]
[EventCountry "GER"]
[SourceTitle "CBM 221 Extra"]
[Source "ChessBase"]
[SourceDate "2024.09.30"]
[SourceVersion "1"]
[SourceVersionDate "2024.09.30"]
[SourceQuality "1"]

1. e4 c5 2. Nf3 d6 3. Bb5+ Bd7 4. Bxd7+ Qxd7 5. 0-0 Nf6 6. Re1 Nc6 7. c3 e6 8. d4 cxd4 9. cxd4 d5 10. e5 Ne4 11. a3 Be7 12. Nbd2 Nxd2 13. Bxd2 0-0 14. Re3 f6 15. exf6 Rxf6 16. Bc3 Bd6 17. h3 Raf8 18. Qd3 Bf4 19. Re2 Bb8 20. Re3 h6 21. Rae1 Bf4 22. R3e2 Qf7 23. a4 Bd6 24. Re3 a6 25. b3 Qd7 26. Qe2 Re8 27. g3 Qf7 28. Kg2 Rf8 29. Rf1 Rg6 30. Nh4 Rf6 31. Rf3 Rxf3 32. Nxf3 Qf5 33. Re1 Re8 34. Nh4 Qf7 35. Qd3 Ne7 36. Re2 g5 37. Nf3 Ng6 38. Qe3 Kh7 39. Qd2 Kg7 40. Bb4 Bxb4 41. Qxb4 Rf8 42. Qc3 Qf5 43. Qe3 Rf7 44. Nh2 Re7 45. Ng4 h5 46. Nh2 g4 47. hxg4 hxg4 48. Rd2 Qh5 49. Qe2 Qh3+ 50. Kg1 e5 51. Qxg4 Qxg4 52. Nxg4 1-0

[Event "Julius Baer WSCC Blitz"]
[Site "Chess.com INT"]
[Date "2024.08.23"]
[Round "1.2"]
[White "Bodnaruk, Anastasia"]
[Black "Hou, Yifan"]
[Result "1-0"]
[WhiteElo "2333"]
[BlackElo "2633"]
[PlyCount "55"]
[EventDate "2024.08.22"]
[EventType "k.o. (blitz)"]
[EventRounds "16"]
[EventCountry "GER"]
[SourceTitle "CBM 221 Extra"]
[Source "ChessBase"]
[SourceDate "2024.09.30"]
[SourceVersion "1"]
[SourceVersionDate "2024.09.30"]
[SourceQuality "1"]

1. e4 c5 2. Nf3 d6 3. d4 cxd4 4. Nxd4 Nf6 5. Nc3 a6 6. Nb3 e6 7. g4 b5 8. g5 Nfd7 9. Be3 Bb7 10. Bg2 Ne5 11. Qe2 Nc4 12. 0-0-0 Nd7 13. f4 Nxe3 14. Qxe3 b4 15. Nd5 exd5 16. exd5+ Be7 17. Rhe1 h6 18. Nd4 Ne5 19. h4 hxg5 20. fxe5 0-0 21. Nc6 Bxc6 22. dxc6 gxh4 23. Kb1 Qc7 24. Bd5 dxe5 25. Rg1 Bf6 26. Qh6 Qd6 27. Rxg7+ Bxg7 28. Qxd6 1-0

[Event "Julius Baer WSCC Blitz"]
[Site "Chess.com INT"]
[Date "2024.08.23"]
[Round "1.8"]
[White "Bodnaruk, Anastasia"]
[Black "Hou, Yifan"]
[Result "0-1"]
[WhiteElo "2333"]
[BlackElo "2633"]
[PlyCount "116"]
[EventDate "2024.08.22"]
[EventType "k.o. (blitz)"]
[EventRounds "16"]
[EventCountry "GER"]
[SourceTitle "CBM 221 Extra"]
[Source "ChessBase"]
[SourceDate "2024.09.30"]
[SourceVersion "1"]
[SourceVersionDate "2024.09.30"]
[SourceQuality "1"]

1. e4 c5 2. Nf3 e6 3. d4 cxd4 4. Nxd4 a6 5. Nc3 Qc7 6. g3 Nc6 7. Bg2 Nf6 8. 0-0 Nxd4 9. Qxd4 Bc5 10. Bf4 d6 11. Qd2 h6 12. Rad1 e5 13. Be3 Be6 14. Bxc5 dxc5 15. Nd5 Bxd5 16. exd5 Qd6 17. f4 Nd7 18. f5 0-0 19. g4 Rfe8 20. Rfe1 Nf6 21. g5 hxg5 22. Qxg5 e4 23. Re3 Kf8 24. Rh3 Rad8 25. c4 Ke7 26. Bxe4 Kd7 27. Bg2 Re7 28. Qg3 Rde8 29. Qxd6+ Kxd6 30. Rb3 Ng4 31. h3 Re1+ 32. Rxe1 Rxe1+ 33. Bf1 Ne3 34. Kf2 Rxf1+ 35. Kxe3 Kc7 36. Ke4 Re1+ 37. Re3 Rb1 38. b3 Kd6 39. Kf4 Rf1+ 40. Kg4 Rg1+ 41. Rg3 Rf1 42. h4 Ke5 43. Re3+ Kf6 44. d6 Rd1 45. Re7 b5 46. Rc7 bxc4 47. bxc4 Rd4+ 48. Kg3 Rxc4 49. Rc6 Rd4 50. Rxa6 Kxf5 51. a4 Ke6 52. a5 Ra4 53. Kf3 g6 54. Ke3 f5 55. Kd3 f4 56. Ke2 Ra3 57. Kf2 Kd7 58. Ke2 c4 0-1

[Event "Julius Baer WSCC Blitz"]
[Site "Chess.com INT"]
[Date "2024.08.23"]
[Round "1.5"]
[White "Hou, Yifan"]
[Black "Bodnaruk, Anastasia"]
[Result "1-0"]
[WhiteElo "2633"]
[BlackElo "2333"]
[PlyCount "81"]
[EventDate "2024.08.22"]
[EventType "k.o. (blitz)"]
[EventRounds "16"]
[EventCountry "GER"]
[SourceTitle "CBM 221 Extra"]
[Source "ChessBase"]
[SourceDate "2024.09.30"]
[SourceVersion "1"]
[SourceVersionDate "2024.09.30"]
[SourceQuality "1"]

1. e4 c5 2. Nf3 d6 3. d4 cxd4 4. Qxd4 a6 5. Be2 Nc6 6. Qd3 g6 7. Nc3 Bg7 8. 0-0 Nf6 9. Nd5 0-0 10. c3 Bg4 11. Bg5 Nxd5 12. exd5 Bxf3 13. Qxf3 Ne5 14. Qe4 h6 15. Be3 f5 16. Qb4 Qd7 17. f4 Ng4 18. Bb6 Kh7 19. Rae1 Nf6 20. Bf3 Rf7 21. a4 Ne8 22. Re2 Bf6 23. Rfe1 Ng7 24. h3 Re8 25. Bd4 h5 26. Bxf6 Rxf6 27. Qd4 Rf7 28. a5 Qc7 29. b4 Rc8 30. Re3 Kg8 31. Be2 Rb8 32. Kh2 Ne8 33. Rg3 Kh7 34. Bd3 Nf6 35. Rge3 Re8 36. Re6 Qd7 37. c4 Qc7 38. Qe3 h4 39. Qf2 Nh5 40. Qxh4 Qd7 41. g4 1-0

[Event "Julius Baer WSCC Blitz"]
[Site "Chess.com INT"]
[Date "2024.08.23"]
[Round "1.11"]
[White "Hou, Yifan"]
[Black "Bodnaruk, Anastasia"]
[Result "0-1"]
[WhiteElo "2633"]
[BlackElo "2333"]
[PlyCount "68"]
[EventDate "2024.08.22"]
[EventType "k.o. (blitz)"]
[EventRounds "16"]
[EventCountry "GER"]
[SourceTitle "CBM 221 Extra"]
[Source "ChessBase"]
[SourceDate "2024.09.30"]
[SourceVersion "1"]
[SourceVersionDate "2024.09.30"]
[SourceQuality "1"]

1. b4 e5 2. Bb2 d6 3. e3 g6 4. c4 Bg7 5. Nc3 f5 6. d4 e4 7. h4 Nf6 8. h5 Nxh5 9. Rxh5 gxh5 10. Qxh5+ Kf8 11. Nh3 c6 12. Nf4 Qe8 13. Qh3 Qf7 14. Be2 Nd7 15. 0-0-0 a5 16. b5 a4 17. a3 Nb6 18. d5 cxb5 19. Nxb5 Bxb2+ 20. Kxb2 Qf6+ 21. Kc2 Bd7 22. Nc7 Rc8 23. Nce6+ Ke7 24. Rd4 Bxe6 25. Nxe6 h5 26. Nf4 h4 27. Qh1 Nd7 28. Qb1 Nc5 29. Rd1 Nb3 30. Rh1 b5 31. Qb2 bxc4 32. Qxf6+ Kxf6 33. Kc3 Nc5 34. Bxc4 Rb8 0-1

[Event "Julius Baer WSCC Blitz"]
[Site "Chess.com INT"]
[Date "2024.08.23"]
[Round "1.13"]
[White "Hou, Yifan"]
[Black "Bodnaruk, Anastasia"]
[Result "0-1"]
[WhiteElo "2633"]
[BlackElo "2333"]
[PlyCount "76"]
[EventDate "2024.08.22"]
[EventType "k.o. (blitz)"]
[EventRounds "16"]
[EventCountry "GER"]
[SourceTitle "CBM 221 Extra"]
[Source "ChessBase"]
[SourceDate "2024.09.30"]
[SourceVersion "1"]
[SourceVersionDate "2024.09.30"]
[SourceQuality "1"]

1. e4 c5 2. Nf3 d6 3. d4 cxd4 4. Qxd4 Nc6 5. Bb5 Bd7 6. Bxc6 Bxc6 7. Nc3 Nf6 8. Bg5 e6 9. 0-0-0 Be7 10. Qd3 0-0 11. Nd4 Rc8 12. f4 Qa5 13. Kb1 Rfd8 14. f5 e5 15. Nb3 Qb6 16. Bxf6 Bxf6 17. Nd5 Bxd5 18. Qxd5 Rc6 19. h4 Rdc8 20. Rd2 Qd8 21. g3 Be7 22. a3 Rc4 23. g4 Qc7 24. Qd3 b6 25. g5 Qc6 26. Re2 a5 27. Rd1 a4 28. Nc1 Rd4 29. Qxd4 exd4 30. Rxd4 Qc5 31. Rxa4 Qg1 32. Ra7 Bf8 33. Rd2 g6 34. fxg6 hxg6 35. e5 dxe5 36. Rdd7 Qf2 37. c3 e4 38. Ra4 e3 0-1